00941nam a2200253 a 450000100060000000300080000600500170001400800410003103500190007204000430009104100080013408200250014210000220016724500940018926000460028330000330032949000490036250000790041165100330049065100520052370000160057571000460059183000500063742705BD-RjUL20211209053559.0160615s1956 enk 000 0 eng d a(BD-RjUL)42823 aMHcDZMdm.cdEUXdUkOxUdBD-RjULbeng aeng 223a940.53bBAF 19561 aBalfour, Michael,10aFour-power control in Germany and Austria, 1945-1946 /cby, Michael Balfour and John Mair aLondon :bOxford University Press,c1956. axii, 390 p. :bill ;c25 cm.1 aSurvey of international affairs ;v1939/1946 aIssued under the auspices of the Royal Institute of International Affairs. 0aGermanyxHistoryy1945-1955. 0aAustriaxHistoryyAllied occupation, 1945-1955.12aMair, John.2 aRoyal Institute of International Affairs. 0aSurvey of international affairs ;v1939/1946.